The world economy at century's end

Gespeichert in:
Bibliographische Detailangaben
1. Verfasser: Samuelson, Paul A.
Format: Buch
Sprache:Englisch
Veröffentlicht: México Colegio Nacional de Economistas 1980
Tags: Tag hinzufügen
Keine Tags, Fügen Sie das erste Tag hinzu!

MARC

LEADER 00000nam a2200000 4500
001 c140560
005 20041019155319.3
041 0 |a eng 
044 |a MX 
245 1 0 |a The world economy at century's end  |c Paul A. Samuelson 
264 1 |a México  |b Colegio Nacional de Economistas  |c 1980 
300 |a 36 s. 
100 1 |a Samuelson, Paul A.